[Event "ODJM C 2025"]
[Site "Willingen GER"]
[Date "2025.06.10"]
[Round "4"]
[White "Yan, Jenny"]
[Black "Weibrecht, Theo"]
[Result "1/2-1/2"]
[Termination "normal"]
[Board "8"]
[WhiteElo "1509"]
[BlackElo "1596"]
[WhiteClock "00:09:13"]
[BlackClock "00:58:17"]
[PlyCount "136"]
[WhiteFideId "34630376"]
[BlackFideId "34660240"]
[EventCountry "GER"]
[EventRounds "9"]
[EventType "swiss"]
[EventDate "2025.06.07"]

1. c4 {[%clk 01:30:58]} {[%emt 00:00:02]} Nf6 {[%clk 01:30:53]} {[%emt
00:00:08]} 2. g3 {[%clk 01:31:22]} {[%emt 00:00:04]} g6 {[%clk 01:31:15]}
{[%emt 00:00:09]} 3. Bg2 {[%clk 01:31:45]} {[%emt 00:00:07]} Bg7 {[%clk
01:31:41]} {[%emt 00:00:05]} 4. Nc3 {[%clk 01:32:06]} {[%emt 00:00:08]} O-O
{[%clk 01:32:05]} {[%emt 00:00:06]} 5. d3 {[%clk 01:32:08]} {[%emt 00:00:28]}
d6 {[%clk 01:32:29]} {[%emt 00:00:06]} 6. Nf3 {[%emt 00:00:32]} Nbd7 {[%clk
01:32:30]} {[%emt 00:00:27]} 7. O-O {[%clk 01:31:29]} {[%emt 00:01:08]} c6
{[%clk 01:30:21]} {[%emt 00:02:40]} 8. Bd2 {[%clk 01:28:53]} {[%emt 00:03:06]}
Nb6 {[%clk 01:28:30]} {[%emt 00:02:22]} 9. Re1 {[%clk 01:25:19]} {[%emt
00:04:03]} d5 {[%clk 01:27:58]} {[%emt 00:01:02]} 10. cxd5 {[%clk 01:22:50]}
{[%emt 00:02:59]} Nfxd5 {[%clk 01:26:53]} {[%emt 00:01:34]} 11. a3 {[%clk
01:19:44]} {[%emt 00:03:37]} Nxc3 {[%clk 01:18:02]} {[%emt 00:09:21]} 12. Bxc3
{[%clk 01:17:34]} {[%emt 00:02:39]} Bxc3 {[%clk 01:18:05]} {[%emt 00:00:28]}
13. bxc3 {[%clk 01:17:55]} {[%emt 00:00:09]} Nd5 {[%clk 01:18:25]} {[%emt
00:00:10]} 14. Qd2 {[%clk 01:11:36]} {[%emt 00:06:48]} Nf6 {[%clk 01:18:14]}
{[%emt 00:00:42]} 15. Rab1 {[%clk 01:06:58]} {[%emt 00:05:09]} Qd6 {[%clk
01:17:05]} {[%emt 00:01:38]} 16. Qb2 {[%clk 01:03:29]} {[%emt 00:03:58]} Rb8
{[%clk 01:13:13]} {[%emt 00:04:23]} 17. Nd2 {[%clk 00:58:42]} {[%emt 00:05:16]}
Be6 {[%clk 01:12:08]} {[%emt 00:01:36]} 18. Ne4 {[%clk 00:56:17]} {[%emt
00:02:54]} Nxe4 {[%clk 01:12:09]} {[%emt 00:00:29]} 19. Bxe4 {[%clk 00:56:02]}
{[%emt 00:00:45]} Bd5 {[%clk 01:11:55]} {[%emt 00:00:45]} 20. Bxd5 {[%clk
00:53:22]} {[%emt 00:03:10]} Qxd5 {[%clk 01:11:24]} {[%emt 00:01:01]} 21. Qb3
{[%clk 00:51:31]} {[%emt 00:02:19]} Qf5 {[%clk 01:09:54]} {[%emt 00:02:01]} 22.
Kg2 {[%clk 00:48:11]} {[%emt 00:03:53]} Rfd8 {[%clk 01:09:22]} {[%emt
00:01:01]} 23. Qc2 {[%clk 00:46:41]} {[%emt 00:01:58]} Rd6 {[%clk 01:08:46]}
{[%emt 00:01:07]} 24. Rb4 {[%clk 00:40:01]} {[%emt 00:07:09]} Qd5+ {[%clk
01:07:53]} {[%emt 00:01:24]} 25. f3 {[%clk 00:35:15]} {[%emt 00:05:16]} Qe5
{[%clk 01:06:17]} {[%emt 00:02:05]} 26. Reb1 {[%clk 00:31:43]} {[%emt
00:04:03]} b6 {[%clk 01:05:33]} {[%emt 00:01:14]} 27. Re4 {[%clk 00:28:57]}
{[%emt 00:03:15]} Qf6 {[%clk 01:04:55]} {[%emt 00:01:08]} 28. c4 {[%clk
00:21:59]} {[%emt 00:07:29]} Rd4 {[%clk 01:02:07]} {[%emt 00:03:19]} 29. Rxd4
{[%clk 00:19:20]} {[%emt 00:03:08]} Qxd4 {[%clk 01:02:25]} {[%emt 00:00:11]}
30. Qd2 {[%clk 00:18:38]} {[%emt 00:01:12]} Rd8 {[%clk 01:01:49]} {[%emt
00:01:07]} 31. Rd1 {[%clk 00:16:48]} {[%emt 00:02:20]} Rd6 {[%clk 01:00:18]}
{[%emt 00:02:01]} 32. e3 {[%clk 00:14:41]} {[%emt 00:02:37]} Qc5 {[%clk
01:00:10]} {[%emt 00:00:38]} 33. Qc1 {[%clk 00:13:13]} {[%emt 00:01:57]} Qf5
{[%clk 00:58:05]} {[%emt 00:02:35]} 34. e4 {[%clk 00:11:38]} {[%emt 00:02:06]}
Qc5 {[%clk 00:58:02]} {[%emt 00:00:33]} 35. Qb2 {[%clk 00:09:07]} {[%emt
00:02:59]} Qe3 {[%clk 00:57:11]} {[%emt 00:01:20]} 36. Qd2 {[%clk 00:08:56]}
{[%emt 00:00:44]} Qd4 {[%clk 00:55:34]} {[%emt 00:02:03]} 37. a4 {[%clk
00:07:58]} {[%emt 00:01:32]} Rf6 {[%clk 00:55:01]} {[%emt 00:01:03]} 38. Rb1
{[%clk 00:04:44]} {[%emt 00:03:43]} Re6 {[%clk 00:53:15]} {[%emt 00:02:17]} 39.
Rb3 {[%clk 00:03:13]} {[%emt 00:02:01]} Kg7 {[%clk 00:50:08]} {[%emt 00:03:36]}
40. Qb2 {[%clk 00:02:36]} {[%emt 00:01:07]} Qxb2+ {[%clk 00:50:08]} {[%emt
00:00:31]} 41. Rxb2 {[%clk 00:02:58]} {[%emt 00:00:08]} Rd6 {[%clk 00:50:33]}
{[%emt 00:00:05]} 42. Rd2 {[%clk 00:03:18]} {[%emt 00:00:09]} Kf6 {[%clk
00:50:50]} {[%emt 00:00:13]} 43. Kf2 {[%clk 00:03:27]} {[%emt 00:00:22]} Ke5
{[%clk 00:50:27]} {[%emt 00:00:53]} 44. Ke3 {[%clk 00:03:32]} {[%emt 00:00:24]}
Ke6 {[%clk 00:50:23]} {[%emt 00:00:35]} 45. f4 {[%clk 00:02:13]} {[%emt
00:01:49]} f6 {[%clk 00:50:17]} {[%emt 00:00:35]} 46. Ra2 {[%clk 00:00:45]}
{[%emt 00:01:58]} a5 {[%clk 00:49:59]} {[%emt 00:00:48]} 47. d4 {[%clk
00:29:13]} {[%emt 00:02:03]} Rd7 {[%clk 01:18:33]} {[%emt 00:01:56]} 48. Rb2
{[%clk 00:29:29]} {[%emt 00:00:13]} Rb7 {[%clk 01:18:42]} {[%emt 00:00:21]} 49.
c5 {[%clk 00:29:43]} {[%emt 00:00:16]} b5 {[%clk 01:18:53]} {[%emt 00:00:19]}
50. axb5 {[%clk 00:28:36]} {[%emt 00:01:38]} Rxb5 {[%clk 01:18:06]} {[%emt
00:01:18]} 51. d5+ {[%clk 00:23:03]} {[%emt 00:06:02]} Kd7 {[%clk 01:18:17]}
{[%emt 00:00:18]} 52. Rxb5 {[%clk 00:22:49]} {[%emt 00:00:45]} cxb5 {[%clk
01:17:28]} {[%emt 00:01:19]} 53. Kd3 {[%clk 00:22:24]} {[%emt 00:00:54]} a4
{[%clk 01:15:57]} {[%emt 00:02:03]} 54. Kc3 {[%clk 00:22:33]} {[%emt 00:00:20]}
a3 {[%clk 01:16:13]} {[%emt 00:00:15]} 55. Kb3 {[%clk 00:22:49]} {[%emt
00:00:12]} b4 {[%clk 01:16:38]} {[%emt 00:00:06]} 56. g4 {[%clk 00:18:19]}
{[%emt 00:04:59]} e6 {[%clk 01:06:38]} {[%emt 00:10:30]} 57. f5 {[%clk
00:12:25]} {[%emt 00:06:24]} exd5 {[%clk 01:06:22]} {[%emt 00:00:48]} 58. fxg6
{[%clk 00:10:44]} {[%emt 00:02:10]} hxg6 {[%clk 01:06:30]} {[%emt 00:00:22]}
59. exd5 {[%clk 00:11:08]} {[%emt 00:00:05]} f5 {[%clk 01:06:48]} {[%emt
00:00:13]} 60. gxf5 {[%clk 00:08:06]} {[%emt 00:03:32]} gxf5 {[%clk 01:07:11]}
{[%emt 00:00:07]} 61. h4 {[%clk 00:08:27]} {[%emt 00:00:09]} f4 {[%clk
01:07:37]} {[%emt 00:00:04]} 62. h5 {[%clk 00:08:38]} {[%emt 00:00:19]} f3
{[%clk 01:07:51]} {[%emt 00:00:16]} 63. h6 {[%clk 00:09:05]} {[%emt 00:00:02]}
f2 {[%clk 01:08:06]} {[%emt 00:00:16]} 64. h7 {[%clk 00:08:35]} {[%emt
00:01:00]} f1=Q {[%clk 01:08:28]} {[%emt 00:00:07]} 65. h8=Q {[%clk 00:08:50]}
{[%emt 00:00:16]} Qb1+ {[%clk 01:04:51]} {[%emt 00:04:05]} 66. Ka4 {[%clk
00:08:41]} {[%emt 00:00:40]} Qc2+ {[%clk 01:05:00]} {[%emt 00:00:20]} 67. Kb5
{[%clk 00:09:07]} {[%emt 00:00:06]} Qe2+ {[%clk 01:01:27]} {[%emt 00:04:02]}
68. Ka5 {[%clk 00:09:13]} {[%emt 00:00:25]} Qe8 {[%clk 00:58:17]} {[%emt
00:03:33]} 1/2-1/2

[Event "ODJM C 2025"]
[Site "Willingen GER"]
[Date "2025.06.10"]
[Round "4"]
[White "Anzinger, Simon"]
[Black "Du, Vivian"]
[Result "1-0"]
[Termination "normal"]
[Board "9"]
[WhiteElo "1541"]
[BlackElo "1189"]
[WhiteClock "00:59:55"]
[BlackClock "00:59:56"]
[PlyCount "63"]
[WhiteFideId "34698825"]
[BlackFideId "533025924"]
[EventCountry "GER"]
[EventRounds "9"]
[EventType "swiss"]
[EventDate "2025.06.07"]

1. e4 {[%clk 01:30:57]} {[%emt 00:00:02]} e5 {[%clk 01:30:51]} {[%emt
00:00:10]} 2. Nf3 {[%clk 01:30:46]} {[%emt 00:00:40]} Nc6 {[%clk 01:31:10]}
{[%emt 00:00:13]} 3. Bc4 {[%clk 01:29:54]} {[%emt 00:01:21]} Bc5 {[%clk
01:31:24]} {[%emt 00:00:16]} 4. c3 {[%clk 01:29:31]} {[%emt 00:00:51]} Nf6
{[%clk 01:31:32]} {[%emt 00:00:24]} 5. d3 {[%clk 01:28:54]} {[%emt 00:01:06]}
d6 {[%clk 01:31:03]} {[%emt 00:01:00]} 6. Bb3 {[%clk 01:23:26]} {[%emt
00:05:57]} Qe7 {[%clk 01:28:16]} {[%emt 00:03:18]} 7. Nbd2 {[%clk 01:23:34]}
{[%emt 00:00:21]} Bg4 {[%clk 01:25:12]} {[%emt 00:03:34]} 8. O-O {[%clk
01:22:59]} {[%emt 00:01:06]} O-O {[%clk 01:25:06]} {[%emt 00:00:36]} 9. Re1
{[%clk 01:22:56]} {[%emt 00:00:33]} Qd7 {[%clk 01:22:35]} {[%emt 00:03:01]} 10.
Nf1 {[%clk 01:21:00]} {[%emt 00:02:26]} Ne7 {[%clk 01:19:22]} {[%emt 00:03:43]}
11. h3 {[%clk 01:20:37]} {[%emt 00:00:52]} Bh5 {[%clk 01:18:58]} {[%emt
00:00:55]} 12. Ng3 {[%clk 01:20:44]} {[%emt 00:00:22]} Bg6 {[%clk 01:18:15]}
{[%emt 00:01:14]} 13. Be3 {[%clk 01:20:29]} {[%emt 00:00:45]} Bb6 {[%clk
01:16:27]} {[%emt 00:02:18]} 14. a4 {[%clk 01:18:58]} {[%emt 00:02:00]} Bxe3
{[%clk 01:15:31]} {[%emt 00:01:27]} 15. fxe3 {[%clk 01:19:19]} {[%emt
00:00:09]} Qc6 {[%clk 01:13:16]} {[%emt 00:02:45]} 16. Rc1 {[%clk 01:18:01]}
{[%emt 00:01:47]} Qb6 {[%clk 01:13:11]} {[%emt 00:00:36]} 17. Kh1 {[%clk
01:16:52]} {[%emt 00:01:39]} c6 {[%clk 01:11:37]} {[%emt 00:02:05]} 18. Re2
{[%clk 01:12:04]} {[%emt 00:05:17]} Rad8 {[%clk 01:11:08]} {[%emt 00:00:59]}
19. Ba2 {[%clk 01:07:16]} {[%emt 00:05:18]} Kh8 {[%clk 01:09:36]} {[%emt
00:02:01]} 20. Bb1 {[%clk 01:06:50]} {[%emt 00:00:57]} Rfe8 {[%clk 01:09:11]}
{[%emt 00:00:55]} 21. d4 {[%clk 01:07:00]} {[%emt 00:00:19]} exd4 {[%clk
01:06:49]} {[%emt 00:02:53]} 22. exd4 {[%clk 01:07:00]} {[%emt 00:00:30]} Nh5
{[%clk 01:05:37]} {[%emt 00:01:42]} 23. Nxh5 {[%clk 01:06:49]} {[%emt
00:00:40]} Bxh5 {[%clk 01:06:00]} {[%emt 00:00:08]} 24. g4 {[%clk 01:06:31]}
{[%emt 00:00:49]} Bg6 {[%clk 01:06:09]} {[%emt 00:00:21]} 25. Qf1 {[%clk
01:03:56]} {[%emt 00:03:03]} Qa6 {[%clk 01:05:18]} {[%emt 00:01:23]} 26. h4
{[%clk 01:02:54]} {[%emt 00:01:31]} h6 {[%clk 01:05:06]} {[%emt 00:00:42]} 27.
h5 {[%clk 01:01:28]} {[%emt 00:01:56]} Bh7 {[%clk 01:05:26]} {[%emt 00:00:10]}
28. g5 {[%clk 00:59:57]} {[%emt 00:02:00]} hxg5 {[%clk 01:04:18]} {[%emt
00:01:39]} 29. Nxg5 {[%clk 00:59:57]} {[%emt 00:00:30]} Rf8 {[%clk 01:02:32]}
{[%emt 00:02:17]} 30. Rf2 {[%clk 00:59:20]} {[%emt 00:01:05]} Qxf1+ {[%clk
01:01:51]} {[%emt 00:01:12]} 31. Rcxf1 {[%clk 00:59:37]} {[%emt 00:00:12]} f6
{[%clk 00:59:56]} {[%emt 00:02:26]} 32. Ne6 {[%clk 00:59:55]} {[%emt 00:00:12]}
1-0

[Event "ODJM C 2025"]
[Site "Willingen GER"]
[Date "2025.06.10"]
[Round "4"]
[White "Gakhov, Gabriel"]
[Black "Hantke, Florian"]
[Result "0-1"]
[Termination "normal"]
[Board "10"]
[WhiteElo "1519"]
[BlackElo "1517"]
[WhiteClock "00:21:09"]
[BlackClock "00:13:07"]
[PlyCount "200"]
[WhiteFideId "533017875"]
[BlackFideId "34638962"]
[EventCountry "GER"]
[EventRounds "9"]
[EventType "swiss"]
[EventDate "2025.06.07"]

1. e4 {[%clk 01:30:57]} {[%emt 00:00:03]} e5 {[%clk 01:30:56]} {[%emt
00:00:04]} 2. Nf3 {[%clk 01:31:21]} {[%emt 00:00:07]} Nc6 {[%clk 01:30:46]}
{[%emt 00:00:39]} 3. d4 {[%clk 01:31:42]} {[%emt 00:00:08]} exd4 {[%clk
01:31:10]} {[%emt 00:00:06]} 4. Nxd4 {[%clk 01:31:59]} {[%emt 00:00:14]} Nf6
{[%clk 01:31:33]} {[%emt 00:00:06]} 5. Nxc6 {[%clk 01:32:01]} {[%emt 00:00:27]}
bxc6 {[%clk 01:31:54]} {[%emt 00:00:11]} 6. e5 {[%clk 01:32:14]} {[%emt
00:00:16]} Nd5 {[%clk 01:26:52]} {[%emt 00:05:33]} 7. c4 {[%clk 01:32:31]}
{[%emt 00:00:13]} Nb6 {[%clk 01:27:07]} {[%emt 00:00:15]} 8. b3 {[%clk
01:30:03]} {[%emt 00:02:58]} d5 {[%clk 01:16:08]} {[%emt 00:11:28]} 9. exd6
{[%clk 01:27:36]} {[%emt 00:02:23]} cxd6 {[%clk 01:13:16]} {[%emt 00:03:57]}
10. Bb2 {[%clk 01:25:47]} {[%emt 00:02:17]} Bf5 {[%clk 01:05:42]} {[%emt
00:08:06]} 11. Qf3 {[%clk 01:18:00]} {[%emt 00:08:14]} Qd7 {[%clk 01:01:50]}
{[%emt 00:04:24]} 12. Qe3+ {[%clk 01:12:06]} {[%emt 00:06:21]} Be6 {[%clk
00:52:59]} {[%emt 00:09:24]} 13. f4 {[%clk 01:06:57]} {[%emt 00:05:38]} Qe7
{[%emt 00:02:25]} 14. Qe4 {[%clk 01:04:35]} {[%emt 00:02:49]} f6 {[%clk
00:41:50]} {[%emt 00:09:48]} 15. Be2 {[%clk 01:02:10]} {[%emt 00:02:51]} d5
{[%clk 00:39:53]} {[%emt 00:02:31]} 16. Qe3 {[%clk 01:00:34]} {[%emt 00:02:06]}
Bf7 {[%clk 00:38:40]} {[%emt 00:01:43]} 17. Qxe7+ {[%clk 00:59:42]} {[%emt
00:01:22]} Bxe7 {[%clk 00:39:03]} {[%emt 00:00:07]} 18. Nd2 {[%clk 00:59:41]}
{[%emt 00:00:21]} Bb4 {[%clk 00:38:51]} {[%emt 00:00:52]} 19. cxd5 {[%clk
00:59:39]} {[%emt 00:00:32]} Bxd5 {[%clk 00:39:10]} {[%emt 00:00:11]} 20. O-O-O
{[%clk 00:55:38]} {[%emt 00:04:30]} O-O-O {[%clk 00:38:24]} {[%emt 00:01:16]}
21. Nf3 {[%clk 00:51:16]} {[%emt 00:04:53]} Rhe8 {[%clk 00:37:09]} {[%emt
00:01:46]} 22. Ba6+ {[%clk 00:50:53]} {[%emt 00:00:53]} Kb8 {[%clk 00:36:13]}
{[%emt 00:01:25]} 23. Rhf1 {[%clk 00:49:33]} {[%emt 00:01:28]} Nd7 {[%clk
00:32:28]} {[%emt 00:04:36]} 24. Bd4 {[%clk 00:43:45]} {[%emt 00:06:11]} Bc5
{[%clk 00:30:25]} {[%emt 00:02:41]} 25. Bxc5 {[%clk 00:40:06]} {[%emt
00:04:09]} Nxc5 {[%clk 00:30:50]} {[%emt 00:00:06]} 26. Bd3 {[%clk 00:38:59]}
{[%emt 00:01:35]} h6 {[%clk 00:28:00]} {[%emt 00:03:21]} 27. Ne1 {[%clk
00:34:03]} {[%emt 00:05:24]} Re3 {[%clk 00:25:48]} {[%emt 00:02:44]} 28. Kc2
{[%clk 00:32:35]} {[%emt 00:01:57]} a5 {[%clk 00:21:01]} {[%emt 00:05:18]} 29.
Kd2 {[%clk 00:28:51]} {[%emt 00:04:13]} Rde8 {[%clk 00:19:54]} {[%emt
00:01:38]} 30. Bg6 {[%clk 00:26:34]} {[%emt 00:02:46]} Re2+ {[%clk 00:18:08]}
{[%emt 00:02:17]} 31. Kc1 {[%clk 00:20:40]} {[%emt 00:06:24]} R8e3 {[%clk
00:17:59]} {[%emt 00:00:38]} 32. Nc2 {[%clk 00:17:55]} {[%emt 00:03:15]} Rc3
{[%clk 00:16:13]} {[%emt 00:02:16]} 33. Kb2 {[%clk 00:16:52]} {[%emt 00:01:33]}
Rce3 {[%clk 00:15:53]} {[%emt 00:00:50]} 34. Kc1 {[%clk 00:17:04]} {[%emt
00:00:18]} Re7 {[%clk 00:15:14]} {[%emt 00:01:10]} 35. Rfe1 {[%clk 00:16:48]}
{[%emt 00:00:45]} Bxg2 {[%clk 00:15:05]} {[%emt 00:00:40]} 36. Rxe2 {[%clk
00:16:35]} {[%emt 00:00:42]} Rxe2 {[%clk 00:15:28]} {[%emt 00:00:08]} 37. Rd2
{[%clk 00:16:10]} {[%emt 00:00:53]} Rxd2 {[%clk 00:14:53]} {[%emt 00:01:06]}
38. Kxd2 {[%clk 00:16:30]} {[%emt 00:00:10]} Be4 {[%clk 00:15:22]} 39. Bxe4
{[%clk 00:16:17]} {[%emt 00:00:43]} Nxe4+ {[%clk 00:15:47]} {[%emt 00:00:05]}
40. Kd3 {[%clk 00:16:21]} {[%emt 00:00:26]} Nf2+ {[%clk 00:16:02]} {[%emt
00:00:15]} 41. Ke2 {[%clk 00:16:09]} {[%emt 00:00:39]} Ne4 {[%clk 00:16:20]}
{[%emt 00:00:15]} 42. Kd3 {[%clk 00:16:22]} {[%emt 00:00:14]} Nc5+ {[%clk
00:15:45]} {[%emt 00:01:09]} 43. Kc4 {[%clk 00:16:02]} {[%emt 00:00:50]} Nd7
{[%clk 00:15:48]} {[%emt 00:00:26]} 44. Nd4 {[%clk 00:16:14]} {[%emt 00:00:17]}
Kb7 {[%clk 00:14:23]} {[%emt 00:01:57]} 45. Nf5 {[%clk 00:16:27]} {[%emt
00:00:15]} g5 {[%emt 00:00:25]} 46. fxg5 {[%clk 00:16:48]} {[%emt 00:00:07]}
hxg5 {[%clk 00:14:57]} {[%emt 00:00:05]} 47. Nd6+ {[%clk 00:16:35]} {[%emt
00:00:42]} Kc7 {[%clk 00:14:52]} {[%emt 00:00:36]} 48. Ne8+ {[%clk 00:16:31]}
{[%emt 00:00:33]} Kb6 {[%clk 00:14:50]} {[%emt 00:00:34]} 49. a4 {[%clk
00:16:17]} {[%emt 00:00:42]} Kb7 {[%clk 00:13:35]} {[%emt 00:01:45]} 50. Nd6+
{[%clk 00:16:36]} {[%emt 00:00:11]} Kc7 {[%clk 00:13:41]} {[%emt 00:00:25]} 51.
Ne8+ {[%clk 00:16:52]} {[%emt 00:00:13]} Kb6 {[%clk 00:14:07]} {[%emt
00:00:04]} 52. Kd4 {[%clk 00:16:56]} {[%emt 00:00:25]} Kb7 {[%clk 00:08:28]}
{[%emt 00:06:10]} 53. Nd6+ {[%clk 00:17:17]} {[%emt 00:00:09]} Kc7 {[%clk
00:08:57]} {[%emt 00:00:02]} 54. Ne8+ {[%clk 00:17:34]} {[%emt 00:00:13]} Kb6
{[%clk 00:09:24]} {[%emt 00:00:03]} 55. Kc4 {[%clk 00:17:52]} {[%emt 00:00:12]}
Ne5+ {[%clk 00:09:32]} {[%emt 00:00:22]} 56. Kd4 {[%clk 00:17:52]} {[%emt
00:00:29]} Nf3+ {[%clk 00:09:48]} {[%emt 00:00:15]} 57. Kc4 {[%clk 00:18:14]}
{[%emt 00:00:07]} Nxh2 {[%clk 00:10:13]} {[%emt 00:00:06]} 58. Nxf6 {[%clk
00:18:35]} {[%emt 00:00:08]} g4 {[%clk 00:10:38]} {[%emt 00:00:05]} 59. Nh5
{[%clk 00:18:22]} {[%emt 00:00:42]} Nf1 {[%clk 00:10:54]} {[%emt 00:00:15]} 60.
Nf4 {[%clk 00:18:18]} {[%emt 00:00:33]} g3 {[%clk 00:11:08]} {[%emt 00:00:18]}
61. Ng2 {[%clk 00:18:39]} {[%emt 00:00:07]} Nd2+ {[%clk 00:09:46]} {[%emt
00:01:53]} 62. Kc3 {[%clk 00:18:33]} {[%emt 00:00:35]} Ne4+ {[%clk 00:09:07]}
{[%emt 00:01:11]} 63. Kd3 {[%clk 00:18:45]} {[%emt 00:00:18]} Nf2+ {[%clk
00:09:08]} {[%emt 00:00:29]} 64. Ke2 {[%clk 00:18:59]} {[%emt 00:00:14]} Kc5
{[%clk 00:09:27]} {[%emt 00:00:12]} 65. Kf3 {[%clk 00:18:55]} {[%emt 00:00:33]}
Kb4 {[%clk 00:09:47]} {[%emt 00:00:11]} 66. Kxg3 {[%clk 00:19:17]} {[%emt
00:00:08]} Nd3 {[%clk 00:10:03]} {[%emt 00:00:13]} 67. Ne3 {[%clk 00:19:14]}
{[%emt 00:00:32]} Kxb3 {[%clk 00:10:18]} {[%emt 00:00:17]} 68. Kf3 {[%clk
00:19:32]} {[%emt 00:00:11]} Kxa4 {[%clk 00:10:40]} {[%emt 00:00:08]} 69. Ke2
{[%clk 00:19:52]} {[%emt 00:00:09]} Nf4+ {[%clk 00:10:57]} {[%emt 00:00:15]}
70. Kd2 {[%clk 00:20:11]} {[%emt 00:00:10]} Nd5 {[%clk 00:11:19]} {[%emt
00:00:09]} 71. Nc4 {[%clk 00:20:13]} {[%emt 00:00:26]} Kb4 {[%clk 00:11:27]}
{[%emt 00:00:24]} 72. Ne5 {[%clk 00:20:31]} {[%emt 00:00:11]} c5 {[%clk
00:11:28]} {[%emt 00:00:30]} 73. Nd3+ {[%clk 00:20:53]} {[%emt 00:00:07]} Kb5
{[%clk 00:11:54]} {[%emt 00:00:04]} 74. Kc1 {[%clk 00:20:57]} {[%emt 00:00:24]}
a4 {[%clk 00:12:19]} {[%emt 00:00:08]} 75. Kb2 {[%clk 00:20:59]} {[%emt
00:00:27]} Nb4 {[%clk 00:12:12]} {[%emt 00:00:37]} 76. Nc1 {[%clk 00:21:02]}
{[%emt 00:00:27]} c4 {[%clk 00:12:09]} {[%emt 00:00:33]} 77. Ka3 {[%clk
00:21:04]} {[%emt 00:00:27]} c3 {[%clk 00:11:21]} {[%emt 00:01:20]} 78. Ne2
{[%clk 00:19:17]} {[%emt 00:02:11]} c2 {[%clk 00:08:34]} {[%emt 00:03:23]} 79.
Nd4+ {[%clk 00:19:19]} {[%emt 00:00:25]} Ka5 {[%clk 00:07:29]} {[%emt
00:01:37]} 80. Nxc2 {[%clk 00:19:29]} {[%emt 00:00:20]} Nxc2+ {[%clk 00:07:52]}
{[%emt 00:00:07]} 81. Ka2 {[%clk 00:19:40]} {[%emt 00:00:18]} Kb4 {[%clk
00:07:26]} {[%emt 00:00:58]} 82. Kb2 {[%clk 00:19:52]} {[%emt 00:00:17]} Ne3
{[%clk 00:07:07]} {[%emt 00:00:49]} 83. Ka2 {[%clk 00:19:58]} {[%emt 00:00:23]}
a3 {[%clk 00:07:22]} {[%emt 00:00:16]} 84. Ka1 {[%clk 00:20:17]} {[%emt
00:00:11]} Kb3 {[%clk 00:07:44]} {[%emt 00:00:07]} 85. Kb1 {[%clk 00:20:35]}
{[%emt 00:00:14]} a2+ {[%clk 00:08:11]} {[%emt 00:00:03]} 86. Kc1 {[%clk
00:20:45]} {[%emt 00:00:19]} a1=Q+ {[%clk 00:08:37]} {[%emt 00:00:04]} 87. Kd2
{[%clk 00:21:03]} {[%emt 00:00:13]} Qb2+ {[%clk 00:09:03]} {[%emt 00:00:03]}
88. Kxe3 {[%clk 00:21:03]} {[%emt 00:00:29]} Qc3 {[%clk 00:09:28]} {[%emt
00:00:06]} 89. Ke4 {[%clk 00:21:27]} {[%emt 00:00:06]} Qd2 {[%clk 00:09:43]}
{[%emt 00:00:16]} 90. Ke5 {[%clk 00:20:34]} {[%emt 00:01:22]} Kc4 {[%clk
00:09:53]} {[%emt 00:00:20]} 91. Kf5 {[%clk 00:20:49]} {[%emt 00:00:15]} Qe3
{[%clk 00:10:12]} {[%emt 00:00:11]} 92. Kf6 {[%clk 00:19:48]} {[%emt 00:01:31]}
Kd5 {[%clk 00:10:33]} {[%emt 00:00:09]} 93. Kf5 {[%clk 00:19:51]} {[%emt
00:00:26]} Qe5 {[%clk 00:10:48]} {[%emt 00:00:16]} 94. Kg4 {[%clk 00:20:06]}
{[%emt 00:00:15]} Qf6 {[%clk 00:11:05]} {[%emt 00:00:13]} 95. Kg3 {[%clk
00:20:05]} {[%emt 00:00:30]} Ke4 {[%clk 00:11:25]} {[%emt 00:00:11]} 96. Kg2
{[%clk 00:20:14]} {[%emt 00:00:19]} Qf3+ {[%clk 00:11:51]} {[%emt 00:00:07]}
97. Kg1 {[%clk 00:20:18]} {[%emt 00:00:21]} Ke3 {[%clk 00:12:14]} {[%emt
00:00:12]} 98. Kh2 {[%clk 00:20:34]} {[%emt 00:00:13]} Qg4 {[%clk 00:12:41]}
{[%emt 00:00:04]} 99. Kh1 {[%clk 00:20:49]} {[%emt 00:00:14]} Kf2 {[%clk
00:13:07]} {[%emt 00:00:04]} 100. Kh2 {[%clk 00:21:09]} {[%emt 00:00:10]} Qg2
{[%emt 00:00:03]} 0-1